Jouluvisa #2 - Statistics

Yleistilastot
  • Tätä visaa on pelattu 1 133 kertaa
  • Keskiarvotulos 13 / 20
Vastaustilastot
Kysymys Vastaus % Oikein
Mikä juhlapäivä on 26. joulukuuta? {Tapanin}päivä
97%
Missä Suomen kaupungissa julistetaan perinteisesti joulurauha? Turussa
91%
Ketkä ovat joulupukin apureita? Joulutontut
90%
Mikä maustettu mehu- tai alkoholipohjainen juoma on tyypillinen jouluna? Glögi
87%
Missä jouluaaton tv-ohjelmassa lapset soittavat joulupukille? Joulupukin {kuumassa} {linjassa}
85%
Mitä päivää vietetään 13. joulukuuta erityisesti ruotsinkielisissä kulttuurissa? {Lucian} päivää
82%
Mikä jouluruoka koostuu perunasta, porkkanasta ja punajuuresta? Rosolli
81%
Mikä suurista (yleensä punaisista) terälehdistä koostuva kukka on suosittu joulukoriste? Joulu{tähti}
76%
Mikä on yleinen ennen joulua järjestettävä jonkin yhteisön joulutapahtuma? {Pikku}joulu
75%
Kuka oli Jeesuksen maallinen isä? Joosef
72%
Minkä maailman tunnetuimmaksi arvioidun joululaulun alkuperäinen nimi on "Stille Nacht, heilige Nacht"? {Jouluyö}, {juhlayö}
70%
Mistä maasta joulukuusiperinne on alun perin lähtöisin? Saksasta
68%
Kuka on joulupukin yhdysvaltalainen vastine? Santa Claus
68%
Kuka laulaa "All I Want for Christmas Is You?" Mariah Carey
57%
Missä jouluvirressä lausutaan "Mä suuren ilon ilmoitan maan kansoille nyt tulevan." Enkeli taivaan
49%
Mitä itämaan tietäjät toivat kullan ja mirhan lisäksi? Suitsuketta
46%
Kuka Raamatun kuningas halusi tappaa kaksivuotiaan Jeesuksen? Herodes
37%
Missä maassa on tyypillistä syödä Kentucky Fried Chickeniä jouluna? Japanissa
33%
Mikä perinteinen joulunäytelmä kuvaa Uuden testamentin tapahtumia? Tiernapojat
31%
Mikä pakanallinen muinaisgermaaninen talvijuhla korvattiin kristillisellä joululla? Yule
14%
Ehtoja vastaavia visoja ei löytynyt
Tulosjakauma
Jokaisen tuloksen saaneiden osuus
Persentiili vastausten määrän mukaan
Tuloshistoriasi
Et ole pelannut tätä visaa